Spongebob Ripped Pants Lyrics Quiz Stats

 Plays Quiz not verified by Sporcle

Also try: Aquaman Trivia
Challenge
Share
Tweet
Embed
Score 0/143 Timer 10:00
0 Plays Today
% Correct
pants,
94.7%
pants
94.7%
pants
94.7%
PAAANTS!!!
94.7%
ripped
94.5%
ripped
94.5%
ripped
94.5%
ripped...
94.5%
I
94.5%
I
94.5%
I
94.5%
I
94.5%
I
94.5%
I
94.5%
I
94.5%
I
94.5%
I
94.5%
I
94.5%
and
92.2%
and
92.2%
a
92.2%
a
92.2%
and
92.2%
a
92.2%
and
92.2%
the
92.2%
a
92.2%
a
92.2%
the
92.2%
a
92.2%
and
92.2%
and
92.2%
the
92.2%
my
89.4%
my
89.4%
my
89.4%
When
71.9%
When
71.9%
in
71.6%
to
71.2%
to
71.2%
to
71.2%
on
68.4%
who
67.9%
who...
67.9%
his
67.7%
his...
67.7%
no
67.4%
% Correct
no
67.4%
but
65.2%
you
65%
you
65%
so
64.6%
so
64.6%
went
64.4%
went
64.4%
be
64.4%
ever
64.3%
it,
63.8%
Spongebob
62.9%
thought
62.6%
that
62.4%
fool
62.3%
fool...
62.3%
had
60.5%
your
59.5%
your
59.5%
sand
59.1%
than
58.9%
all
58.7%
all
58.7%
with
58.4%
with
58.4%
Larry
57%
clown
56.9%
know
56.9%
side,
56.8%
turned
56.6%
into
55.9%
just
55.8%
just
55.8%
down
55.4%
dance
54.8%
wants
54.8%
buns...
54.3%
Cause
54.3%
everybody
54.2%
big
54.1%
him
54.1%
worse
53.5%
came
53.5%
blew
53.4%
pain
53.2%
much
53.1%
sky
52.8%
high
52.8%
% Correct
is
52.8%
put
52.6%
shouldn't
52.5%
shouldn't
52.5%
or
52.5%
feels
52.1%
now
52%
Now
52%
one
51.9%
sun
51.4%
girl
51.4%
from
51.2%
won't
51.2%
won't
51.2%
won't
51.2%
won't
51.2%
'round
50.9%
because
49.9%
up
49.8%
up
49.8%
burn
49.6%
curse
49.2%
like
48.5%
she
48%
around
46.3%
even
44.6%
less
44.5%
end
44.4%
fun
44.2%
true
44.1%
glance
43.9%
don't
43.9%
yourself
43.8%
passing
42.9%
forget
42.3%
lot
42.1%
listen
41.6%
regret
41.6%
soon
41.3%
chance
41%
lesson
40.8%
learned
40.1%
mope
39.8%
spare
39.6%
miss
39.4%
windin
37.7%
'till
14.5%

You're not logged in!

Compare scores with friends on all Sporcle quizzes.
Join for Free
OR
Log In

You Might Also Like...

Show Comments

Extras

Top Quizzes Today


Score Distribution

Your Account Isn't Verified!

In order to create a playlist on Sporcle, you need to verify the email address you used during registration. Go to your Sporcle Settings to finish the process.

Report this User

Report this user for behavior that violates our Community Guidelines.

Details: